00861nam a2200193Ia 4500008004100000020001500041050002600056100002700082240004500109245008600154250001900240260003600259300003600295500005300331505018300384650003200567650003200599700003600631120625s2006 mx 001 0 spa d a8480192593 4aGV885.35 bW588 20061 aWissel, Hal e, autor 10aBasketball. Steps to SuccesslEspañol 10aBaloncestob : aprender y progresarc / Hal Wissel ; traducción Susana Pellicer a5a. edición  aEspañab : Paidotriboc, 2006 aviii, 231 páginas c ; 28 cm. aTítulo original: Basketball. Steps to Success.0 aJuego de piernas ofensivo y defensivo Lanzar Pasar y Coger Driblar Rebotar Movimientos ofensivos Jugadas de dos y tres jugadores Contraataque ; ataque en equipo Defensa en equipo 4aBASQUETBOLxADIESTRAMIENTO  4aENTRENAMIENTO DE BASQUETBOL1 aPellicer, Susana e, traductor